| 000 | 00758nam a2200205Ia 4500 | ||
|---|---|---|---|
| 003 | OSt | ||
| 005 | 20251008130728.0 | ||
| 008 | 210210b2006 xxu||||| |||| 00| 0 eng d | ||
| 040 | _cAL | ||
| 041 | _aKannada | ||
| 082 | _aK894.8 SUBK | ||
| 100 |
_aSUBBANNA K V nenapina modala odu malike. _997002 _dಸುಬ್ಬಣ್ಣ ಕೆ ವಿ ನೆನಪಿನ ಮೊದಲ ಓದು ಮಾಲಿಕೆ . |
||
| 245 |
_aK S Narasimha Svami avara ayda kavitegalu. _bಕೆ ಎಸ್ ನರಸಿಂಹ ಸ್ವಾಮಿ ಅವರ ಆಯ್ದ ಕವಿತೆಗಳು |
||
| 260 |
_aHeggodu _bAkshara Prakashana _c2006 |
||
| 300 | _a108 | ||
| 650 |
_aKS Narasimha Swami _997003 |
||
| 690 |
_aKannada Collections _997004 |
||
| 906 | _a061566 | ||
| 942 |
_2ddc _cBK |
||
| 999 |
_c108321 _d108321 |
||